The renin-angiotensin system : comparative aspects /

Bibliographic Details
Main Author: Kobayashi, Hideshi
Other Authors: Takei, Y. (Yoshio), 1951-
Format: Book
Language:English
Published: Berlin ; New York : Springer, [1996]
Series:Zoophysiology ; v. 35.
Subjects:

MARC

Tag First Indicator Second Indicator Subfields
LEADER 00000cam a2200000 a 4500
001 in00004487021
005 20191203081527.0
008 960412s1996 gw a b 001 0 eng
010 |a  96018478  
015 |a GB96-80912 
019 |a 35829729 
020 |a 3540611150 (hbk. : acid-free paper) 
035 |a (OCoLC)34604282 
035 |9 AAH3599MS 
035 |z (UtOrBLW)24731 
035 |a 38317 
040 |a DLC  |c DLC  |d GZM  |d C#P  |d UKM  |d AGL  |d NLM  |d UtOrBLW 
049 |a TMVM  |c 1 
050 0 0 |a QP572.A54  |b K63 1996 
060 0 0 |a W1  |b ZO615M v.35 1996 
060 1 0 |a QU 136  |b K75r 1996 
069 0 |a 9617244 
070 0 |a QP2.Z66  |b v.35 
072 0 |a L600  |a L810 
082 0 0 |a 596/.011  |2 20 
096 |a QU 136  |b K75r 1996 
100 1 |a Kobayashi, Hideshi. 
245 1 4 |a The renin-angiotensin system :  |b comparative aspects /  |c H. Kobayashi, Y. Takei. 
264 1 |a Berlin ;  |a New York :  |b Springer,  |c [1996] 
264 4 |c ©1996 
300 |a xii, 245 pages :  |b illustrations ;  |c 24 cm. 
336 |a text  |2 rdacontent  |b txt 
337 |a unmediated  |2 rdamedia 
338 |a volume  |2 rdacarrier  |b nc 
490 1 |a Zoophysiology ;  |v v. 35 
504 |a Includes bibliographical references (pages 179-240) and index. 
505 0 |a Comparative morphology of the juxtaglomerular apparatus (JGA) -- Innervation in the JGA -- Tissue distribution of the RAS -- Regulation of renin release -- Biochemistry of the RAS -- Angiotensin receptors -- Biological actions of ANG II -- General conclusions 
650 2 |a Renin-Angiotensin System  |x physiology. 
650 2 |a Renin  |x physiology. 
650 2 |a Angiotensin II  |x physiology. 
650 2 |a Physiology, Comparative. 
700 1 |a Takei, Y.  |q (Yoshio),  |d 1951- 
830 0 |a Zoophysiology ;  |v v. 35. 
999 |a MARS 
999 f f |s 832ca245-08e8-364b-a8dd-8ab1d2a280a6  |i a53db336-251a-3284-bc4a-eb0e630e56a1  |t 0 
952 f f |p ric  |a Texas A&M University  |b Rellis Campus  |c Joint Library Facility  |d Remote Storage  |t 0  |e QU 136 K75r 1996  |h National Library of Medicine classification  |i unmediated -- volume  |m 3238901260753 
998 f f |a QU 136 K75r 1996  |t 0  |l Remote Storage